000 00856nam a22001817a 4500
005 20120309094827.0
020 _c300.00
_a8188134619
035 _aB-195977
037 _b
_adpl
082 _a250.58
100 _aमौर्य, श्यामवृक्ष
_943606
245 1 _aबौद्ध धर्म एवं दलित चेतना /
_cश्यामवृक्ष मौर्य
260 _aदिल्ली
_bसत्यम् पब्लिशिंग हाऊस
_c2007
270 _a
_b
_e
_k
300 _a135पृ.
_c22सेमी (सजिल्द)
942 _adpl
_cHN
_k
_2ddc
_h250.58
_mमौर्यश्या
999 _c63863
_d63863